[Starostlivosť o verejné budovy]
Z obsahu: Verejné budovy na Slovensku majú podoprieť eurofondy. Samospráva si začína robiť poriadok v majetku. Verejné budovy už súťažia o eurá. Samosprávy sa sústredili najmä na školy a nemocnice. Obnova klokočovskej školy sa nedotiahla do konca.
Salvato in:
| Autore principale: | |
|---|---|
| Altri autori: | , |
| Natura: | Capitolo di libro |
| Lingua: | slovacco |
| Soggetti: | |
| Tags: |
Nessun Tag, puoi essere il primo ad aggiungerne!!
|
MARC
| LEADER | 00000naa$a2200000$$$4500 | ||
|---|---|---|---|
| 001 | 0011678 | ||
| 005 | 20231009074518.8 | ||
| 041 | 0 | |a slo | |
| 044 | |a SK | ||
| 245 | 1 | 0 | |a [Starostlivosť o verejné budovy] |c aut. Miro Sedlák, Zuzana Horníková, Marián Benka |
| 520 | |a Z obsahu: Verejné budovy na Slovensku majú podoprieť eurofondy. Samospráva si začína robiť poriadok v majetku. Verejné budovy už súťažia o eurá. Samosprávy sa sústredili najmä na školy a nemocnice. Obnova klokočovskej školy sa nedotiahla do konca. | ||
| 610 | 2 | 0 | |a budovy |
| 610 | 2 | 0 | |a opravy |
| 610 | 2 | 0 | |a samospráva |
| 610 | 2 | 0 | |a financovanie |
| 610 | 2 | 0 | |a pomoc finančná |
| 610 | 2 | 0 | |a Európska únia |
| 610 | 2 | 0 | |a školy |
| 610 | 2 | 0 | |a nemocnice |
| 100 | 1 | |a Sedlák, Miro | |
| 700 | 1 | |a Horníková, Zuzana | |
| 700 | 1 | |a Benka, Marián | |